000
00210 a2200097 4500
001
41775
100
_a
Geothe J W V
245
_a
Faust
260
_a
London
_b
Encyclopedia Britannica
_c
090
_c
25886
_d
25886
942
_a
NUST-CAE
_c
M
_c
17653
999
_c
276848
_d
276848